书目信息 |
| 题名: |
坛经
|
|
| 作者: | 惠能 著 ;丁福保 , 哈磊 笺注 | |
| 分册: | ||
| 出版信息: | 上海 上海古籍出版社 2016 |
|
| 页数: | 23,310页 | |
| 开本: | 21cm | |
| 丛书名: | ||
| 单 册: | ||
| 中图分类: | B946.5 | |
| 科图分类: | ||
| 主题词: | 禅宗--chan zong--佛经--中国--唐代 | |
| 电子资源: | ||
| ISBN: | 978-7-5325-8170-2 | |
| 000 | 01066nam0 22002891 450 | |
| 001 | 0120082303 | |
| 005 | 20170320082303.0 | |
| 010 | @a978-7-5325-8170-2@b精装@dCNY28.00 | |
| 100 | @a20170106d2016 em y0chiy50 ea | |
| 101 | 0 | @achi |
| 102 | @aCN@b310000 | |
| 105 | @ay z 000yy | |
| 106 | @ar | |
| 200 | 1 | @a坛经@9tan jing@g哈磊整理@f(唐)惠能著@g丁福保笺注 |
| 210 | @a上海@c上海古籍出版社@d2016 | |
| 215 | @a23,310页@d21cm | |
| 300 | @a国学典藏 | |
| 314 | @a惠能 (638-713),俗姓卢,范阳人。 | |
| 330 | @a本书采集了唐宋以来,众多高僧大德对《坛经》的精彩评论,内容涉及六祖身世以及《坛经》的心要、核心术语的解说与分析、参禅的用功方法、禅净之争的会通等,生动、鲜活地展示了禅门之中不同时代、不同语境下对于《坛经》的不同阐释与解读。 | |
| 605 | @a《六祖坛经》@Aliu zu tan jing@x注释 | |
| 606 | 0 | @a禅宗@9chan zong@x佛经@y中国@z唐代 |
| 690 | @aB946.5@v5 | |
| 701 | 0 | @c(唐)@a惠能@9hui neng@f(638-713)@4著 |
| 702 | 0 | @a丁福保@9ding fu bao@4笺注 |
| 702 | 0 | @a哈磊@9ha lei@4整理 |
| 801 | 0 | @aCN@bTANGWEI@c20170308 |
| 905 | @b0957609-11@dB946.5@e387@f3 | |
| 坛经/哈磊整理/(唐)惠能著/丁福保笺注.-上海:上海古籍出版社,2016 |
| 23,310页;21cm |
| 国学典藏 |
| ISBN 978-7-5325-8170-2(精装):CNY28.00 |
| 本书采集了唐宋以来,众多高僧大德对《坛经》的精彩评论,内容涉及六祖身世以及《坛经》的心要、核心术语的解说与分析、参禅的用功方法、禅净之争的会通等,生动、鲜活地展示了禅门之中不同时代、不同语境下对于《坛经》的不同阐释与解读。 |
| ● |
| 相关链接 |
|
|
|
|
正题名:坛经
索取号:B946.5/387
 
预约/预借
| 序号 | 登录号 | 条形码 | 馆藏地/架位号 | 状态 | 备注 |
| 1 | 0957609 | 209576092 | 不外借—密集书库/ [索取号:B946.5/387] | 在馆 | |
| 2 | 0957610 | 209576109 | 不外借—密集书库/ [索取号:B946.5/387] | 在馆 | |
| 3 | 0957611 | 209576118 | 不外借—密集书库/ [索取号:B946.5/387] | 在馆 |